Tina chaẏa naẏa. (Record no. 73952)

MARC details
000 -LEADER
fixed length control field 00521cam a22002171 4500
001 - CONTROL NUMBER
control field sa 67003644
003 - CONTROL NUMBER IDENTIFIER
control field DLC
005 - DATE AND TIME OF LATEST TRANSACTION
control field 20260227112339.0
008 - FIXED-LENGTH DATA ELEMENTS--GENERAL INFORMATION
fixed length control field 900108s1966 ii 000 0 beno
010 ## - LIBRARY OF CONGRESS CONTROL NUMBER
LC control number sa 67003644
035 ## - SYSTEM CONTROL NUMBER
System control number (OCoLC)20860711
040 ## - CATALOGING SOURCE
Original cataloging agency DLC
Transcribing agency WaU
Modifying agency DLC
042 ## - AUTHENTICATION CODE
Authentication code premarc
050 00 - LIBRARY OF CONGRESS CALL NUMBER
Classification number PK1718.M47
Item number T5
100 1# - MAIN ENTRY--PERSONAL NAME
Personal name Mitra, Bimal,
Dates associated with a name 1912-1991.
245 10 - TITLE STATEMENT
Title Tina chaẏa naẏa.
260 ## - PUBLICATION, DISTRIBUTION, ETC.
Date of publication, distribution, etc. [1966]
300 ## - PHYSICAL DESCRIPTION
Extent 182 p.
Dimensions 23 cm.
500 ## - GENERAL NOTE
General note In Bengali.
650 #0 - SUBJECT ADDED ENTRY--TOPICAL TERM
Topical term or geographic name entry element Bengali literature.

No items available.

Powered by Koha